高知県の高等学校クイズ - Statistics

General Stats
  • This quiz has been taken 3 times
  • The average score is 31 of 44
Answer Stats
市町村 答え 国公立種類 備考 % Correct
高知市 追手前高等学校 県立
100%
高知市 高知工業高等学校 県立
100%
高知市 高知商業高等学校 市立
100%
高知市 高知高等学校 私立
100%
高知市 高知学芸高等学校 私立
100%
高知市 土佐高等学校 私立
100%
高知市 土佐塾高等学校 私立
100%
高知市 土佐女子高等学校 私立 女子校
100%
室戸市 室戸高等学校 県立
100%
安芸市 安芸高等学校 県立 併設型中高一貫教育校
100%
四万十市 中村高等学校 県立 併設型中高一貫教育校
100%
香美市 山田高等学校 県立
100%
いの町 伊野商業高等学校 県立
100%
檮原町 檮原高等学校 県立 連携型中高一貫教育校
100%
四万十町 窪川高等学校 県立
100%
高知市 高知小津高等学校 県立
67%
高知市 高知北高等学校 県立 定時制
67%
高知市 高知東高等学校 県立
67%
高知市 高知丸の内高等学校 県立
67%
高知市 高知国際高等学校 県立 併設型中高一貫教育校
67%
高知市 春野高等学校 県立
67%
高知市 高知中央高等学校 私立
67%
南国市 岡豊高等学校 県立
67%
南国市 高知農業高等学校 県立
67%
南国市 清和女子高等学校 私立 女子校 2026年廃校予定
67%
土佐市 高知海洋高等学校 県立
67%
土佐市 高岡高等学校 県立
67%
宿毛市 宿毛高等学校 県立
67%
土佐清水市 清水高等学校 県立 連携型中高一貫教育校
67%
四万十市 幡多農業高等学校 県立
67%
佐川町 佐川高等学校 県立
67%
四万十町 四万十高等学校 県立 連携型中高一貫教育校
67%
黒潮町 大方高等学校 県立
67%
高知市 太平洋学園高等学校 私立 定時制・通信制
33%
南国市 高知東工業高等学校 県立
33%
土佐市 明徳義塾高等学校滝国際キャンパス 私立 キャンパス
33%
須崎市 須崎総合高等学校 県立
33%
須崎市 明徳義塾高等学校本校堂ノ浦キャンパス 私立 本校・キャンパス
33%
宿毛市 宿毛工業高等学校 県立
33%
四万十市 中村高等学校西土佐分校 県立 分校
33%
香南市 城山高等学校 県立
33%
田野町 中芸高等学校 県立 定時制
33%
本山町 嶺北高等学校 県立 連携型中高一貫教育校
33%
いの町 高知追手前高等学校吾北分校 県立 分校
33%
No matching quizzes found
Score Distribution
Percent of People with Each Score
Percentile by Number Answered
Your Score History
You have not taken this quiz